• 首页
  • 本馆介绍
  • 公告通知
  • 最新文献
  • 馆藏检索
  • 电子资源
  • 读者导购
  • 参考咨询
  • 我的图书馆
  • 登录
  • 详细信息显示
  • 放入我的书架
  • 预约/预借图书
  • 作者相关作品
  • 分类相关作品
  • 丛书相关作品
  • 出版社相关作品

书目信息

  • 表格格式
  • 工作单格式
  • 卡片格式
题名:
磁电材料的制备、表征与性能研究
    
 
作者: 龚高尚 著
分册:  
出版信息: 北京   中国原子能出版社  2021.1
页数: 194页
开本: 24cm
丛书名:
单 册:
中图分类: TM271 , TM22
科图分类:
主题词: 磁性材料--研究 , 铁电材料--研究
电子资源:
ISBN: 978-7-5221-1193-3
000 00900nam0 2200253 45
001 012001002726
005 20141008110819.0
010    @a978-7-5221-1193-3@dCNY35.00
100    @a20210625d2021 em y0chiy50 ea
101 0  @achi
102    @aCN@b110000
105    @aa z 000yy
106    @ar
200 1  @a磁电材料的制备、表征与性能研究@Aci dian cai liao de zhi bei 、 biao zheng yu xing neng yan jiu@b专著@f龚高尚著
210    @a北京@c中国原子能出版社@d2021.1
215    @a194页@c图@d24cm
330    @a本书共分为17章,第1章主要为磁电材料的概述及磁学、电学、磁电多铁基本知识的介绍;第2章主要内容为磁电材料的常用制备方法简介;第3章为磁电材料研究中常用微结构与物性测试技术介绍等。
606 0  @a磁性材料@x研究
606 0  @a铁电材料@x研究
690    @aTM271@v5
690    @aTM22@v5
701  0 @a龚高尚@Agong gao shang@4著
801  2 @aCN@bBJSDL@c20211018
905    @b1344713-6@dTM271@e35@f4
    
    磁电材料的制备、表征与性能研究/龚高尚著.-北京:中国原子能出版社,2021.1
    194页:图;24cm
    
    
    ISBN 978-7-5221-1193-3:CNY35.00
    本书共分为17章,第1章主要为磁电材料的概述及磁学、电学、磁电多铁基本知识的介绍;第2章主要内容为磁电材料的常用制备方法简介;第3章为磁电材料研究中常用微结构与物性测试技术介绍等。
●
相关链接 在E读中查询图书 在五车中查询图书 在当当中查询图书 在豆瓣中查询图书


正题名:磁电材料的制备、表征与性能研究     索取号:TM271/35         预约/预借

序号 登录号 条形码 馆藏地/架位号 状态 备注
1 1344713   213447135   第二样本阅览室/ [索取号:TM271/35] 在馆    
2 1344714   213447144   第三借阅区/ [索取号:TM271/35] 在馆    
3 1344715   213447153   第三借阅区/ [索取号:TM271/35] 在馆    
4 1344716   213447162   第三借阅区/ [索取号:TM271/35] 在馆    
唐山师范学院图书馆 欢迎您!
大连网信软件有限公司© 版权所有